[Event "Charlotte Fall-GM 2019"]
[Site "Charlotte"]
[Date "2019.11.30"]
[Round "6.3"]
[White "Nakar, Eylon"]
[Black "Paragua, Mark"]
[Result "0-1"]
[WhiteElo "2433"]
[BlackElo "2496"]
[Annotator "TA"]
[PlyCount "98"]
[EventDate "2019.11.28"]
[EventType "tourn"]
[EventCountry "USA"]
[SourceTitle "playchess.com"]
[Source "ChessBase"]
[SourceQuality "1"]

{[%evp 11,104,26,54,27,22,23,35,38,26,48,49,11,35,45,20,-98,-112,-100,-107,-150,-143,-120,-131,-137,-156,-155,-144,-146,-149,-242,-229,-234,-237,-251,-212,-247,-148,-217,-157,-148,-158,-170,-94,-79,-76,-79,-77,-70,0,0,0,-245,-256,-283,-256,-279,-264,-259,-241,-336,-333,-395,-334,-312,-275,-265,-264,-280,-280,-241,-267,-309,-240,-298,-296,-425,-423,-889,-647,-631,-625,-687,-687,-663,-674,-665,-641,-752,-661,-896,-837,-1360,-1131,-1424,-1370]} 1. e4 c5 2. Nf3 e6 3. d4 cxd4 4. Nxd4 Nc6 5. Nc3 Qc7 6. Be3 a6 7. Qf3 {B48: Sicilian: Taimanov: 5 Nc3 Qc7 6 Be3 a6 without Be2} (7. Bd3 Nf6 8. O-O Nxd4 9. Bxd4 Bc5 10. Bxc5 Qxc5 11. Na4 Qc7 12. c4 d6 13. Nc3 O-O 14. Be2 Rd8 15. Qd4 e5 16. Qe3 Be6 17. b3 Qc5 18. Qd3 Rac8 19. Rac1 {½-½ (35) Jakovenko,D (2719)-Harikrishna,P (2723) Shenzhen 2019}) 7... Nf6 8. O-O-O Ne5 {[%cal Bc6e5,Be5g4,Bg4e3][%mdl 32]} 9. Qg3 {White is slightly better.} b5 {next ...b4 is good for Black.} 10. f4 Neg4 11. Bd2 (11. Bg1 $5 {[%cal Re4e5]}) 11... b4 12. Na4 h5 13. Qe1 (13. Bd3 $11) 13... Qd6 $146 {[%mdl 2048] Black is on the roll.} ({Predecessor:} 13... Bb7 14. h3 Nh6 {1-0 (25) Nakar,E (2462)-Simonsen,H (2150) Sandavagur 2018}) 14. Be3 Nxe4 15. h3 Nxe3 16. Qxe3 Bb7 17. Nb3 Qc7 18. Bd3 Nf6 19. f5 Nd5 20. Qe1 (20. Qf2 $17) 20... Nf4 $19 21. fxe6 dxe6 22. Kb1 Be7 (22... Nxg2 23. Qf2 $17) 23. Be4 O-O (23... Nxg2 $19 24. Qe2 Nf4) 24. g4 (24. Nac5 $17 Bxe4 25. Qxe4 Bxc5 26. Nxc5) 24... h4 25. Bxb7 Qxb7 26. Nac5 Qc6 (26... Qg2 $19 27. Rd2 Qg3) 27. Qxb4 $17 Nd5 28. Qa4 Qc7 29. Qd7 Qb6 (29... Rfc8 $15 30. Qxc7 Rxc7) 30. Rxd5 $1 $11 Ra7 $1 {[%cal Ra7d7]} 31. Na4 $2 (31. Rdd1 $1 $11 Bxc5 32. Nxc5 Qxc5 33. Qd4) 31... Qb8 $19 32. Qc6 {Black must now prevent Rd3.} Rc8 ({Don't take} 32... exd5 33. Nc3 $17) 33. Qb6 Rb7 ({Don't play} 33... exd5 34. Qxb8 Rxb8 35. Nc3 $17) 34. Qxa6 {And now Rd4 would win.} exd5 35. Qd3 {[#]} d4 $1 {[%mdl 512]} 36. Qxd4 (36. Nxd4 Rb4) 36... Bf6 37. Qd3 Rbc7 38. g5 Bxg5 39. Nc3 {[#]} Rxc3 $1 {[%mdl 512]} 40. bxc3 Bf6 41. Re1 Bxc3 42. Rf1 Bf6 43. Rf5 (43. Rxf6 $142 gxf6 44. Qf5) 43... Re8 {( -> ...Re1+). Black is clearly winning.} 44. Qf1 (44. Rf1 $142 Qe5 45. c3) 44... Qb4 {...Re1+ is the strong threat.} 45. Rxf6 {Strongly threatening Rf4.} Re1+ (45... gxf6 46. Qxf6 Qe1+ 47. Kb2 $19) 46. Kb2 {Threatens to win with Rf4.} Rxf1 (46... gxf6 $2 47. Qxf6 Qe7 48. Qd4 $19) 47. Rxf1 {[%mdl 4096] Endgame KQ-KRN} Qe4 48. Rd1 g5 49. Rd4 Qg2 {Played: Qe4-e5} 0-1

[Event "Charlotte Fall-GM 2019"]
[Site "Charlotte"]
[Date "2019.11.30"]
[Round "6.4"]
[White "Wang, Kevin"]
[Black "Yu, Jennifer"]
[Result "0-1"]
[WhiteElo "2416"]
[BlackElo "2278"]
[Annotator "TA"]
[PlyCount "108"]
[EventDate "2019.11.28"]
[EventType "tourn"]
[EventCountry "USA"]
[SourceTitle "playchess.com"]
[Source "ChessBase"]
[SourceQuality "1"]

{[%evp 20,108,-9,-14,-12,-20,-24,-31,-28,-24,20,0,28,-34,76,0,0,-33,0,0,0,-39,-44,-137,-138,-116,-88,-100,-81,-93,-25,-72,-66,-72,-72,-68,-66,-72,-69,-297,-297,-291,-287,-254,-251,-311,-294,-294,-304,-428,-410,-520,-492,-427,-272,-277,-229,-245,-282,-281,-222,-202,-134,-135,-135,-135,-135,-453,-438,-1012,-945,-865,-772,-813,-417,-1422,-438,-350,-179,-1708,-1528,-2572,-59,-52,-64,-74,0,-183,0,-4622,-4593]} 1. d4 d5 2. c4 c6 3. Nc3 Nf6 4. e3 a6 5. Bd3 dxc4 6. Bxc4 e6 7. Nf3 c5 8. O-O b5 9. Bd3 Bb7 10. dxc5 Bxc5 11. e4 Nbd7 {D27: Queen's Gambit Accepted: Classical main line: 7 e4!? and 7 a4} 12. Qe2 Qb8 13. Bg5 h6 {Black is slightly better.} 14. Bxf6 gxf6 15. Rad1 Ke7 $146 {[#]} ({Predecessor:} 15... Qc7 16. Rc1 Qb6 17. Rfd1 Rd8 18. a3 Ne5 19. Nxe5 fxe5 {0-1 (54) Bilobrk,F (2386)-Saric,I (2489) Sibenik 2006}) 16. a3 (16. Bxb5 $1 $11 {[%mdl 512]} axb5 17. Rxd7+ $1 {[%mdl 576] Decoy} (17. Qxb5 Bd6 $17) 17... Kxd7 18. Qxb5+ {[%mdl 64] Double Attack} Ke7 19. Qxc5+ Qd6 20. Qe3) 16... h5 {[#]} (16... Ne5 $15 {keeps the upper hand.}) 17. b4 (17. Bxb5 $1 $16 {[%mdl 512]} axb5 18. Rxd7+ $1 {[%mdl 576] Decoy} (18. Qxb5 Bd6 $17) 18... Kxd7 19. Qxb5+ {[%mdl 64] Double Attack} Ke7 20. Qxc5+ Qd6 21. Qe3) 17... Bd6 $11 18. h3 h4 19. Bb1 Ne5 20. Nxe5 Bxe5 21. Qe3 (21. Na2 $15) 21... Qa7 $1 $17 {[%cal Ra7e3]} 22. Qf3 Rac8 23. Ne2 {[#]} f5 $1 {[%mdl 512]} 24. Rc1 (24. exf5 Bxf3) 24... Qa8 (24... Rxc1 $17 25. Rxc1 Qb6) 25. Rxc8 Rxc8 26. Qe3 $1 Bxe4 27. f3 Bxb1 28. Qxe5 Bd3 $36 {[%mdl 2048] Strongly threatening ...Qa7+. Black has the initiative.} 29. Nd4 $2 (29. Rd1 $15 Bxe2 30. Qxe2) 29... Qd5 $19 30. Qxd5 exd5 {[%mdl 4096] Endgame KRB-KRN} 31. Re1+ Kf6 32. Re3 Rc1+ 33. Kh2 Rd1 34. g4 (34. Re8 {is a better defense.}) 34... Kg5 35. Nxf5 Rd2+ 36. Kg1 {If only White now had time for Re5....} Kf4 37. Re7 Bxf5 (37... Kxf3 38. Rxf7 Be4 39. Rf6 $17) 38. gxf5 {KR-KR} f6 ({Don't play} 38... Kxf5 39. Rxf7+ Kg5 40. f4+ Kg6 41. Ra7) 39. Re6 Kg3 ({Weaker is} 39... Kxf3 40. Rxf6 Rd1+ 41. Kh2 $17) ({Much less strong is} 39... Kxf5 40. Rxa6 Ra2 41. Kf1 $17) 40. Kf1 Kxh3 41. Rxf6 Kg3 42. Ke1 {[#]} Ra2 $1 43. Rg6+ $2 {[%mdl 8192]} (43. Rh6 $17) 43... Kxf3 {...h3 is the strong threat.} 44. f6 (44. Rh6 $142 Ra1+ 45. Kd2) 44... Ke3 {[%cal Ra2a1]} 45. Kd1 Rf2 46. Rh6 Kd3 {[%cal Rf2f1]} 47. Kc1 (47. Ke1 $142 Rf5 48. f7) 47... Rf4 (47... d4 $142 48. f7 Rxf7) 48. Kb2 d4 (48... Kc4 $142 49. Kc2 Rf2+ 50. Kd1 Kb3) 49. Kb3 $2 (49. f7) 49... Kd2 50. f7 Rf3+ $2 (50... Kc1 $19 {( -> ...Kb1)} 51. Rxh4 Rf3+ 52. Ka2 d3 53. Rh1+ Kc2) 51. Kb2 $15 Rxf7 {And now ...Rf4 would win.} 52. Rxh4 d3 ({Black should try} 52... Ke3 $17 {White must now prevent ...Rf2+.} 53. Rh3+ Rf3) 53. Rh6 $2 (53. Rh2+ $1 $11 {and White has nothing to worry.} Ke3 54. Kc3) 53... Ke2 $2 (53... Rf2 $19 {Threatens to win with ...Ke2.} 54. Rh1 Re2) 54. Re6+ $2 {[%mdl 8192] [#]} (54. Kc3 $11) 54... Kd1 $1 {Accuracy: White = 23%, Black = 56%.} 0-1

[Event "Charlotte Fall-GM 2019"]
[Site "Charlotte"]
[Date "2019.11.30"]
[Round "6.5"]
[White "Jacobson, Brandon"]
[Black "Grinberg, Eyal"]
[Result "0-1"]
[WhiteElo "2452"]
[BlackElo "2472"]
[Annotator "RC"]
[PlyCount "62"]
[EventDate "2019.11.28"]
[EventType "tourn"]
[EventCountry "USA"]
[SourceTitle "playchess.com"]
[Source "ChessBase"]
[SourceQuality "1"]
[TimeControl "5400+30"]

1. e4 {[%emt 1:30:30]} c5 {[%emt 1:30:30]} 2. Nf3 {[%emt 0:00:30]} d6 {[%emt 0:00:30]} 3. d4 {[%emt 0:00:30]} cxd4 {[%emt 0:00:30]} 4. Nxd4 {[%emt 0:00:30]} Nf6 {[%emt 0:00:30]} 5. Nc3 {[%emt 0:00:30]} a6 {[%emt 0:00:30]} 6. Bg5 {[%emt 0:00:30]} Nbd7 {[%emt 0:00:30]} 7. Bc4 {[%emt 0:00:30]} Qb6 {[%emt 0:00:30]} 8. Bb3 {[%emt 0:00:30]} e6 {[%emt 0:00:30]} 9. Qd2 {[%emt 0:00:30]} Be7 {[%emt 0:00:30]} 10. O-O-O {[%emt 0:00:30]} Nc5 {[%emt 0:00:30]} 11. f3 {[%emt 0:00:30]} Qc7 {[%emt 0:00:30]} 12. g4 {[%emt 0:00:30]} b5 {[%emt 0:00:30]} 13. a3 {[%emt 0:00:30]} Bb7 {[%emt 0:00:30]} 14. Kb1 {[%emt 0:00:30]} O-O-O {[%emt 0:00:30]} 15. Be3 {[%emt 0:00:30]} Kb8 {[%emt 0:00:30]} 16. Ba2 {[%emt 0:00:30]} Nfd7 {[%emt 0:00:30]} 17. b4 {[%emt 0:00:30]} Nb6 {[%emt 0:00:30]} 18. Ndxb5 {[%emt 0:00:30]} axb5 {[%emt 0:00:30]} 19. Nxb5 {[%emt 0:00:30]} Qc6 {[%emt 0:00:30]} 20. Nd4 {[%emt 0:00:30]} Qa4 {[%emt 0:00:30]} 21. Qc3 {[%emt 0:00:30]} Ncd7 22. Bb3 {[%emt 0:00:30]} Rc8 {[%emt 0:01:00]} 23. Qa1 {[%emt 0:00:30]} Qa6 {[%emt 0:00:30]} 24. b5 {[%emt 0:00:30]} Qa5 {[%emt 0:00:30]} 25. Bd2 {[%emt 0:00:30]} Qa7 {[%emt 0:00:30]} 26. a4 {[%emt 0:00:30]} Nc4 {[%emt 0:00:30]} 27. a5 {[%emt 0:00:30]} Nxd2+ {[%emt 0:00:30]} 28. Rxd2 {[%emt 0:00:30]} Bg5 {[%emt 0:00:30]} 29. Rdd1 {[%emt 0:00:30]} Bf6 {[%emt 0:00:30]} 30. b6 {[%emt 0:00:30]} Qa6 {[%emt 0:00:30]} 31. Qa4 {[%emt 0:00:30]} Nxb6 {[%emt 0:00:30]} 0-1

[Event "Charlotte Fall-GM 2019"]
[Site "Charlotte"]
[Date "2019.12.01"]
[Round "7.1"]
[White "Berczes, David"]
[Black "Korley, Kassa"]
[Result "1-0"]
[WhiteElo "2452"]
[BlackElo "2447"]
[Annotator "TA"]
[PlyCount "81"]
[EventDate "2019.11.28"]
[EventType "tourn"]
[EventCountry "USA"]
[SourceTitle "playchess.com"]
[Source "ChessBase"]
[SourceQuality "1"]

{[%evp 9,81,15,12,16,33,31,31,27,42,37,46,46,47,45,48,48,48,41,48,46,56,38,41,7,65,31,77,23,75,65,72,62,82,75,89,77,99,61,91,56,146,141,127,133,131,132,107,109,109,114,189,194,187,187,190,204,787,751,1516,1387,6295,5709,12832,12831,1593,1105,12829,12834,12828,12834,12833,12833,2437,1978]} 1. d4 d5 2. Nf3 Nf6 3. g3 c6 4. c4 Bf5 5. Nc3 e6 6. Nh4 {D11: Slav Defence: 3 Nf3 sidelines and 3...Nf6 4 e3 Bg4} Bg6 7. Nxg6 hxg6 8. Qd3 {White is slightly better.} Nbd7 9. Bg2 Be7 10. O-O O-O 11. Rd1 Qb6 $146 ({Predecessor:} 11... Qa5 12. b3 Rfd8 {0-1 (46) Gelfand,B (2695)-Nepomniachtchi,I (2751) Moscow 2018}) 12. Bg5 Rfe8 13. b3 a5 14. h4 Qa7 15. Qc2 Nb6 16. Rab1 Rad8 (16... dxc4 $11 17. e4 Bb4) 17. e3 Nc8 18. c5 ({White should try} 18. Qe2 $16) 18... Nd7 (18... b6 $11 {remains equal.}) 19. e4 Bxg5 20. hxg5 Ne7 21. exd5 exd5 22. Bh3 Nf8 23. Re1 Nc8 24. Qd2 b6 (24... b5 $14) 25. Rxe8 $16 Rxe8 26. Re1 Rd8 {[#]} 27. Na4 $1 $36 {[%mdl 2048] And now Bxc8 would win. White is on the roll.} bxc5 28. Bxc8 Rxc8 29. Nxc5 Qa8 (29... Qb6 $16 {is a better defense.} 30. Kg2 Qd8) 30. Re7 $18 {White threatens Qf4 and mate.} Re8 31. Rxe8 Qxe8 32. Qxa5 Qe2 $2 (32... Nh7 33. Qd2 Qe7) 33. Qa8 {White is clearly winning.} Qd1+ 34. Kg2 {Nd7 would kill now.} Qxd4 {[#]} 35. Nd7 $1 Qe4+ 36. Kh2 Qe7 37. Nxf8 Qxf8 38. Qxf8+ Kxf8 39. b4 Ke7 40. Kg2 Kd6 41. Kf3 {Accuracy: White = 65%, Black = 28%.} 1-0

[Event "Charlotte Fall-GM 2019"]
[Site "Charlotte"]
[Date "2019.12.01"]
[Round "7.2"]
[White "Yu, Jennifer"]
[Black "Jacobson, Brandon"]
[Result "0-1"]
[WhiteElo "2278"]
[BlackElo "2452"]
[Annotator "TA"]
[PlyCount "152"]
[EventDate "2019.11.28"]
[EventType "tourn"]
[EventCountry "USA"]
[SourceTitle "playchess.com"]
[Source "ChessBase"]
[SourceQuality "1"]

{[%evp 13,152,0,-6,-7,-10,-16,-3,-16,0,0,-4,-20,0,-11,-2,-28,-31,-34,-36,-65,-56,-67,-23,-22,-13,-28,-15,-30,0,0,0,-5,-5,-5,-5,-35,-8,-4,-14,-143,-135,-122,-127,-150,-146,-120,-39,-27,-36,-31,-19,-18,-20,-24,-22,-30,-6,-18,0,-33,-3,-27,0,0,0,0,0,0,0,-1,-10,-31,-16,-87,-47,-103,-43,-72,-28,-12,-12,-20,-19,-10,0,0,0,0,0,0,0,0,0,0,0,0,0,8,77,0,0,0,0,-19,-33,-48,-62,-90,-74,-165,-167,-134,-31,-122,-100,-116,-80,-208,-177,-266,-127,-137,-183,-352,-328,-1766,-1789,-1229,-1675,-1405,-1602,-29971,-29973,-29945,-6197,-29977,-29978,-29978,-29979,-29979,-29981]} 1. d4 Nf6 2. c4 e6 3. Nc3 Bb4 4. e3 O-O 5. Bd3 d5 6. cxd5 exd5 7. Nge2 Re8 8. Bd2 {E48: Nimzo-Indian: Rubinstein: 5 Bd3 d5 including 6 Ne2, but excluding 6 a3} Bd6 (8... b6 9. O-O Bd6 10. Rc1 c5 11. Nb5 Bf8 12. f3 Nc6 13. Kh1 Bb7 14. a3 g6 15. Bb1 Rc8 {1-0 (31) Carlsen,M (2861)-Anand,V (2774) Cupar 2019}) 9. Rc1 a6 10. O-O {The position is equal.} Nbd7 11. Nf4 c6 12. f3 Nf8 13. Kh1 Ng6 {[#]} 14. Nxg6 $146 ({Predecessor:} 14. Nce2 Qb6 15. b3 Bd7 {½-½ (62) Fressinet,L (2645)-Gharamian,T (2614) Nimes 2018}) 14... hxg6 15. Qe1 Bf5 16. Bxf5 gxf5 17. Qh4 Nh7 (17... a5 {feels hotter.} 18. Na4 Bb4 19. Qe1 f4 20. Nc3 fxe3 21. Bxe3 Nd7) 18. Qxd8 Raxd8 19. g3 Re7 20. Kg2 f6 21. h4 Kf7 22. a3 Nf8 23. h5 Nd7 24. Na4 Rc8 25. Kf2 $1 b5 26. Nc5 (26. Nc3 $11 {was the only way to keep the balance.}) 26... Bxc5 $1 $17 27. dxc5 Ne5 28. Rc2 Rh8 29. Rh1 Ree8 (29... Rhe8 $1 $17 30. b3 d4 $1 {[%mdl 512]} 31. exd4 Nd3+ 32. Kg1 Re2) 30. Bc3 $15 Nd3+ 31. Ke2 Nxc5 {[#] Threatens to win with ...Nb3.} 32. Bxf6 $1 {[%mdl 512]} Nb3 (32... Kxf6 33. Rxc5) 33. Rc3 Kxf6 34. Rxb3 $11 {[%mdl 4096] Endgame KRR-KRR} c5 {White must now prevent ...c4.} 35. Rd3 $1 Ke6 36. Rh4 Rd8 37. Rd1 a5 38. Rdh1 b4 39. axb4 axb4 40. e4 Ra8 41. exd5+ Kxd5 42. Rd1+ Kc6 43. Rc1 (43. Rd2 $11) 43... Kb6 44. Rhc4 (44. g4 $15) 44... Rhe8+ ({Much weaker is} 44... Rxh5 $6 45. Rxc5 Rh2+ 46. Kd3 $11) (44... Rae8+ $17 45. Kd2 Re5) 45. Kf2 $15 Re5 46. g4 $1 Ra2 47. R4c2 f4 48. Kg2 $1 Kb5 49. Kh3 $1 Ra8 50. Rc4 Rf8 51. b3 Rf6 52. Kh4 Rf8 {...g5+ is the strong threat.} 53. Kh3 Rd5 54. R1c2 Re8 55. Rxf4 {White wants to play Rf7.} Re3 (55... Rd3 $1 $11 {remains equal.}) 56. Rf8 ({White should play} 56. Rf7 $16) 56... Rxb3 $11 57. Rb8+ Kc6 58. Rc8+ Kb6 59. Kg3 Rc3 60. Re2 Rd7 61. Re6+ (61. Rb8+ $17 {keeps fighting.} Kc7 62. Ra8) 61... Kb5 $1 $19 62. Rb8+ Kc4 (62... Ka4 $1 $17 63. Rc6 Ra7) 63. Re4+ ({White should try} 63. g5 $15) 63... Kd3 $17 64. g5 {[#]} b3 $1 65. Kf4 {[#]} (65. Re1 $17 {was called for.} Kd2 66. Rh1) 65... c4 $1 $19 66. Kf5 (66. Re3+ {was necessary.} Kd2 67. Re4) 66... Rc1 (66... Rc2 $19 {and Black stays clearly on top. Strongly threatening ...b2.} 67. Re1 Rf7+ 68. Kg6 Ra7 69. Rd1+ Ke3 70. Re1+ Kd3 71. Rd1+ Kc3) 67. Ke6 $17 Rc7 68. Kd6 $2 (68. Rd8+ {was the only chance.} Kc3 69. Kd6) 68... Ra7 $19 69. Re7 $2 (69. Ke6) 69... Rxe7 70. Kxe7 {KR-KR} Rh1 71. Kf7 Rxh5 72. Kg6 Rh3 73. f4 Rf3 (73... Kc2 $142 74. Kxg7 b2 75. f5 Rb3 76. Rxb3 cxb3 77. f6 b1=Q 78. f7 Qa1+ 79. Kg8 b2 80. f8=Q b1=Q 81. Qf2+ Kd3 82. Qf3+ Kd4 83. Qf4+ Kd5 84. Qf7+ Ke4 85. Qh7+ Kf4 86. Qh4+ Kf5 87. Qh3+ Kxg5 88. Qg2+ Kf5 89. Qf2+ Ke5 90. Qc5+ Kf6 91. Qc6+ Ke5 92. Qc5+ Ke4 93. Qe7+ Qe5 94. Qh4+ Kd5 95. Qd8+ Qd6 96. Qg5+ Kc6 97. Qg2+ Qd5+ 98. Qxd5+ Kxd5 99. Kf7 Ke5 100. Kg7 Ke6 101. Kh6 Kf6 102. Kh5 Qb4 103. Kh6 Qh4#) 74. f5 Kc2 {Black mates.} 75. Rb5 b2 76. Kxg7 b1=Q {Accuracy: White = 48%, Black = 53%.} 0-1

[Event "Charlotte Fall-GM 2019"]
[Site "Charlotte"]
[Date "2019.12.01"]
[Round "7.3"]
[White "Reshef, Omer"]
[Black "Wang, Kevin"]
[Result "1/2-1/2"]
[WhiteElo "2461"]
[BlackElo "2416"]
[Annotator "RC"]
[PlyCount "84"]
[EventDate "2019.11.28"]
[EventType "tourn"]
[EventCountry "USA"]
[SourceTitle "playchess.com"]
[Source "ChessBase"]
[SourceQuality "1"]
[TimeControl "5400+30"]

1. e4 {[%emt 1:30:30]} c5 {[%emt 1:30:30]} 2. Nf3 {[%emt 0:00:30]} d6 {[%emt 0:00:30]} 3. c3 {[%emt 0:00:30]} Nf6 {[%emt 0:00:30]} 4. Bd3 {[%emt 0:00:30]} Nc6 {[%emt 0:00:30]} 5. Bc2 {[%emt 0:00:30]} Bg4 {[%emt 0:00:30]} 6. d3 {[%emt 0:00:30]} e6 {[%emt 0:00:30]} 7. Nbd2 {[%emt 0:00:30]} Be7 {[%emt 0:00:30]} 8. h3 {[%emt 0:00:30]} Bh5 {[%emt 0:00:30]} 9. Nf1 {[%emt 0:00:30]} h6 {[%emt 0:00:30]} 10. Ng3 {[%emt 0:00:30]} Bg6 {[%emt 0:00:30]} 11. O-O {[%emt 0:00:30]} O-O {[%emt 0:00:30]} 12. Nh2 {[%emt 0:00:30]} d5 {[%emt 0:00:30]} 13. f4 {[%emt 0:00:30]} c4 {[%emt 0:00:30]} 14. e5 {[%emt 0:00:30]} cxd3 {[%emt 0:00:30]} 15. Bxd3 {[%emt 0:00:30]} Ne4 {[%emt 0:00:30]} 16. Nxe4 {[%emt 0:00:30]} dxe4 {[%emt 0:00:30]} 17. Be2 {[%emt 0:00:30]} Bc5+ {[%emt 0:00:30]} 18. Kh1 {[%emt 0:00:30]} Ne7 {[%emt 0:00:30]} 19. Qe1 {[%emt 0:00:30]} Qd7 {[%emt 0:00:30]} 20. g4 {[%emt 0:00:30]} Rfd8 {[%emt 0:00:30]} 21. Qg3 {[%emt 0:00:30]} e3 {[%emt 0:00:30]} 22. Bxe3 {[%emt 0:00:30]} Bxe3 {[%emt 0:00:30]} 23. Qxe3 {[%emt 0:00:30]} Qd2 {[%emt 0:00:30]} 24. Qxd2 {[%emt 0:00:30]} Rxd2 25. Bf3 Rxb2 26. Rfd1 {[%emt 0:01:00]} Bc2 {[%emt 0:01:30]} 27. Rd2 {[%emt 0:00:30]} Rc8 {[%emt 0:00:30]} 28. Re1 {[%emt 0:00:30]} Nd5 {[%emt 0:00:30]} 29. Bxd5 {[%emt 0:00:30]} exd5 {[%emt 0:00:30]} 30. Nf3 {[%emt 0:00:30]} Rxc3 {[%emt 0:00:30]} 31. Kg2 {[%emt 0:00:30]} Rb4 {[%emt 0:00:30]} 32. Rc1 {[%emt 0:00:30]} Rxf4 {[%emt 0:00:30]} 33. Rcxc2 {[%emt 0:00:30]} Rfxf3 {[%emt 0:00:30]} 34. Rxc3 {[%emt 0:00:30]} Rxc3 {[%emt 0:00:30]} 35. Rxd5 {[%emt 0:00:30]} Kf8 {[%emt 0:00:30]} 36. Rd7 {[%emt 0:00:30]} Rc2+ {[%emt 0:00:30]} 37. Kf3 {[%emt 0:00:30]} Rxa2 {[%emt 0:00:30]} 38. Rxb7 {[%emt 0:00:30]} Ra3+ {[%emt 0:00:30]} 39. Ke4 {[%emt 0:00:30]} a5 {[%emt 0:00:30]} 40. Rb8+ {[%emt 0:00:30]} Ke7 {[%emt 0:00:30]} 41. Rb7+ {[%emt 0:00:30]} Ke8 {[%emt 0:00:30]} 42. Rb8+ {[%emt 0:00:30]} Ke7 {[%emt 0:00:30]} 1/2-1/2

[Event "Charlotte Fall-GM 2019"]
[Site "Charlotte"]
[Date "2019.12.01"]
[Round "7.4"]
[White "Grinberg, Eyal"]
[Black "Nakar, Eylon"]
[Result "1-0"]
[WhiteElo "2472"]
[BlackElo "2433"]
[Annotator "TA"]
[PlyCount "93"]
[EventDate "2019.11.28"]
[EventType "tourn"]
[EventCountry "USA"]
[SourceTitle "playchess.com"]
[Source "ChessBase"]
[SourceQuality "1"]

{[%evp 9,95,0,22,18,12,10,25,0,21,0,1,10,6,0,21,28,14,11,43,38,94,26,31,-25,0,4,45,20,29,39,31,41,43,11,0,0,35,26,30,12,42,37,75,50,53,37,43,47,50,42,54,44,43,46,128,128,128,128,128,128,212,206,214,211,205,199,413,400,541,516,544,539,593,578,633,186,179,0,0,0,263,0,724,727,722,575,814,763]} 1. e4 e6 2. d4 d5 3. Nd2 c5 4. exd5 Qxd5 5. dxc5 Qxc5 6. Ngf3 {C07: French Tarrasch: 3...c5, 4 Ngf3 and 4 exd5 Qxd5} Nf6 7. Bd3 Nbd7 8. O-O {White has an edge.} Be7 9. a4 {[%cal Ba2a4,Ba4a5,Ba5a6][%mdl 32]} Qc7 10. Nb3 O-O 11. a5 b6 $146 ({Predecessor:} 11... Ne5 12. Nxe5 Qxe5 13. Re1 {½-½ (21) Adams,M (2745)-Nisipeanu,L (2687) Germany 2016}) 12. a6 Nd5 13. c3 N7f6 14. Nbd4 Nf4 ({Better is} 14... Bd7 $14) 15. Bb5 (15. Nb5 $16 Qb8 16. Bxf4 Qxf4 17. g3) 15... Ng6 $11 16. Ra4 (16. Bg5 $14) 16... Bd7 17. Rc4 Qd8 18. Qa4 Bxb5 19. Nxb5 Nd5 20. Rd1 Qb8 21. Rcd4 Bc5 22. R4d3 Ne5 23. Nxe5 Qxe5 24. Qh4 h6 25. Qg3 Qxg3 26. hxg3 Rfc8 27. Bf4 Be7 28. b3 Bf6 {[%cal Rf6c3]} 29. Bd2 Nc7 30. Nxc7 Rxc7 31. c4 b5 (31... Kf8 $14) 32. cxb5 $16 {Hoping for Be3.} Rc5 33. Be3 Rxb5 34. Rd7 Ra5 (34... Rxb3 $16 35. Rxa7 Rxa7 36. Bxa7 Ra3) 35. R1d6 $18 Rb8 {[#]} 36. Rb7 $1 {[%cal Rb7b8]} ({Weaker is} 36. Bxa7 Rxb3 37. Kf1 Rb2 $17) ({And not} 36. Rxa7 Ra1+ 37. Kh2 Rb5 $11) 36... Rc8 37. Rxa7 Bg5 $2 (37... Ra1+ {is a better defense.} 38. Kh2 Be5) 38. f4 Ra1+ 39. Kf2 Bf6 40. Rb7 Rc2+ 41. Kf3 Bb2 42. Bd2 $2 (42. a7) 42... Bc3 {[#]} 43. Bxc3 $2 (43. a7 $1 $18 Bxd2 44. Rd8+ Kh7 45. a8=Q (45. Rxf7 Rca2 $11) 45... Rxa8 46. Rxa8) 43... Rxc3+ $11 44. Ke4 Re1+ $1 45. Kd4 Rc8 $2 {[%mdl 8192]} (45... Ree3 $11) 46. Rdd7 $18 {White is clearly winning.} Rd1+ 47. Ke5 {Played: Kd4-e3} 1-0